The coin collection of the American University of Beirut Museum : Palestine and Phoenicia /

محفوظ في:

مؤلف مشترك: American University of Beirut. Museum of archaeology

مؤلفون آخرون: Barāmkī, Dīmitrī, 1909-

التنسيق: كتاب

اللغة: English

منشور في: [Beirut] : American University of Beirut, 1974.

الموضوعات:

الوسوم: إضافة وسم

لا توجد وسوم, كن أول من يضع وسما على هذه التسجيلة!

رقم الطلب: CJ1375 .A51 1974

LEADER 01053namaa2200289 4500
001 12120
003 OSt
005 20240821114810.0
008 130303s1974 le a 001 0 eng d
952 |0 0  |1 0  |2 lcc  |4 0  |6 CJ1375 A51 01974  |7 1  |9 57768  |a ARCE  |b ARCE  |d 2023-12-14  |l 0  |o CJ1375 .A51 1974  |p 1013627  |r 2023-12-14 00:00:00  |w 2023-12-14  |y BK 
999 |c 10592  |d 10592 
010 |a 75308319 
040 |c ARCE Library 
043 |a a-is---  |a a-le--- 
050 4 |a CJ1375 .A51 1974 
110 2 |a American University of Beirut.  |b Museum of archaeology, 
245 1 4 |a The coin collection of the American University of Beirut Museum :   |b Palestine and Phoenicia /   |c D. C. Baramki. 
264 1 |a [Beirut] :   |b American University of Beirut,  |c 1974. 
300 |a xi, 339 pages :  |b illustrations ;  |c 30 cm. 
500 |a Includes index. 
555 |a .alaa-sweed 
610 2 0 |a American University of Beirut.  |b Museum of archaeology. 
650 0 |a Coins, Phoenician. 
650 0 |a coins, Jewish. 
700 1 |a Barāmkī, Dīmitrī,  |d 1909- 
901 |a reviewed 
942 |c BK  |2 lcc